| 000 | 00405nam a22001577a 4500 | ||
|---|---|---|---|
| 003 | SGT | ||
| 020 | _a9789383864218 | ||
| 082 |
_a615.3210 _bH16S |
||
| 100 | _aCCRAS, MINISTRY OF AYUSH | ||
| 245 | _aHERBAL WEALTH OF WESTERN GHATS AGASTHYAMALAI | ||
| 260 |
_aNEW DELHI _bCCRAS _c2016 |
||
| 300 | _a151 | ||
| 650 | _aAYURVEDA | ||
| 653 | _aHERBAL, WEALTH, WESTERN, GHATS, AGASTHYAMALAI | ||
| 942 |
_2ddc _cBK |
||
| 999 |
_c25007 _d25007 |
||